<?xml version="1.0" encoding="UTF-8"?>
<record
    xmlns:xsi="http://www.w3.org/2001/XMLSchema-instance"
    xsi:schemaLocation="http://www.loc.gov/MARC21/slim http://www.loc.gov/standards/marcxml/schema/MARC21slim.xsd"
    xmlns="http://www.loc.gov/MARC21/slim">

  <leader>01821nab a2200265uuc4500</leader>
  <controlfield tag="001">1339370</controlfield>
  <controlfield tag="005">20250128142006.0</controlfield>
  <controlfield tag="008">130809e20111201                    spa  </controlfield>
  <datafield tag="035" ind1=" " ind2=" ">
    <subfield code="a">1339370</subfield>
  </datafield>
  <datafield tag="040" ind1=" " ind2=" ">
    <subfield code="c">comduadb</subfield>
  </datafield>
  <datafield tag="041" ind1=" " ind2=" ">
    <subfield code="a">spa</subfield>
  </datafield>
  <datafield tag="100" ind1="1" ind2="0">
    <subfield code="a">Rodr&#xED;guez, Frank</subfield>
    <subfield code="4">aut</subfield>
    <subfield code="e">aut</subfield>
    <subfield code="9">643703</subfield>
  </datafield>
  <datafield tag="245" ind1="1" ind2="0">
    <subfield code="a">Marcos P&#xE9;rez Jim&#xE9;nez y Gustavo Rojas Pinilla: dos modelos de dictaduras desarrollistas en Am&#xE9;rica Latina</subfield>
  </datafield>
  <datafield tag="520" ind1="3" ind2=" ">
    <subfield code="a">En la d&#xE9;cada de los 50, se establecieron en Am&#xE9;rica Latina una serie de reg&#xED;menes militares que impulsaron el desarrollo econ&#xF3;mico a trav&#xE9;s de la promoci&#xF3;n de los procesos de industrializaci&#xF3;n. Entre estas llamadas "dictaduras desarrollistas" figuran los gobiernos de Marcos P&#xE9;rez Jim&#xE9;nez en Venezuela, Manuel Odr&#xED;a en Per&#xFA;, Gustavo Rojas Pinilla en Colombia, y Juscelino Kubitschek en Brasil. El objetivo de este art&#xED;culo de investigaci&#xF3;n, es presentar un estudio comparado de los reg&#xED;menes de Marcos P&#xE9;rez Jim&#xE9;nez en Venezuela y Gustavo Rojas Pinilla en Colombia, tomando en cuenta el contexto hist&#xF3;rico en el que surgen, el modelo de desarrollo promovido, su visi&#xF3;n de la democracia y el pueblo, y el papel del Estado en el desarrollo econ&#xF3;mico.</subfield>
  </datafield>
  <datafield tag="600" ind1="1" ind2="4">
    <subfield code="a">Rojas Pinilla, Gustavo,</subfield>
    <subfield code="d">1900-1975</subfield>
    <subfield code="v">Pol&#xED;tica y gobierno</subfield>
    <subfield code="9">869739</subfield>
  </datafield>
  <datafield tag="650" ind1=" " ind2=" ">
    <subfield code="a">Historia y literatura - Siglo XX</subfield>
    <subfield code="9">81210</subfield>
  </datafield>
  <datafield tag="650" ind1=" " ind2=" ">
    <subfield code="a">Colombia - Historia politica - Siglo XX</subfield>
    <subfield code="9">43991</subfield>
  </datafield>
  <datafield tag="650" ind1=" " ind2=" ">
    <subfield code="a">Dictadura - Venezuela</subfield>
    <subfield code="9">71336</subfield>
  </datafield>
  <datafield tag="650" ind1=" " ind2=" ">
    <subfield code="a">Dictadura - Colombia</subfield>
    <subfield code="9">30985</subfield>
  </datafield>
  <datafield tag="650" ind1=" " ind2=" ">
    <subfield code="a">P&#xE9;rez Jim&#xE9;nez, Marcos, 1914-2001</subfield>
    <subfield code="9">11172</subfield>
  </datafield>
  <datafield tag="650" ind1=" " ind2=" ">
    <subfield code="a">Historia comparada - Colombiana y venezolana</subfield>
    <subfield code="9">206892</subfield>
  </datafield>
  <datafield tag="650" ind1=" " ind2="7">
    <subfield code="a">Pol&#xED;tica y literatura</subfield>
    <subfield code="2">lemb</subfield>
    <subfield code="9">44937</subfield>
  </datafield>
  <datafield tag="773" ind1="0" ind2=" ">
    <subfield code="t">Anuario de Historia Regional y de las Fronteras (Bucaramanga)</subfield>
    <subfield code="g">Volumen 16, Diciembre 2011, 317-328</subfield>
    <subfield code="w">1333303</subfield>
    <subfield code="x">0122-2066</subfield>
    <subfield code="0">650502</subfield>
  </datafield>
  <datafield tag="942" ind1=" " ind2=" ">
    <subfield code="c">ARIMP</subfield>
  </datafield>
  <datafield tag="999" ind1=" " ind2=" ">
    <subfield code="c">656128</subfield>
    <subfield code="d">656128</subfield>
  </datafield>
</record>
